000 00464nam a2200157 i 4500
001 141240
003 ES-MaACL
005 20230906200243.0
007 t|
008 070920s1921 sp ||||1| spa d
100 1 _aVivero, Augusto.
_9115564
245 1 3 _aEl extravio sexual de los Bonaporte
_b: una familia extraña /
_cAugusto Vivero.
260 _aMadrid :
_b[s.n.],
_c1921 (
_fTip. El Imparcial)
300 _a308 p. ;
_c20 cm.
852 _aES-MaACL
_jB-11968
999 _c141240
_d141240